Französischer Fußballmeister - Statistiken

Allgemein
  • Dieses Quiz wurde 220 mal gespielt
  • Das Durchschnittsergebnis liegt bei 63 aus 84
Antwortstatistiken
Saison Meister % Korrekt
2022-2023 Paris Saint-Germain
100%
2001-2002 Olympique Lyon
99%
2002-2003 Olympique Lyon
99%
2003-2004 Olympique Lyon
99%
2004-2005 Olympique Lyon
99%
2005-2006 Olympique Lyon
99%
2006-2007 Olympique Lyon
99%
2007-2008 Olympique Lyon
99%
2009-2010 Olympique de Marseille
98%
1936-1937 Olympique Marseille
98%
1947-1948 Olympique Marseille
98%
1970-1971 Olympique Marseille
98%
1971-1972 Olympique Marseille
98%
1988-1989 Olympique Marseille
98%
1989-1990 Olympique Marseille
98%
1990-1991 Olympique Marseille
98%
1991-1992 Olympique Marseille
98%
1960-1961 Monaco
91%
1962-1963 Monaco
91%
1977-1978 Monaco
91%
1981-1982 Monaco
91%
1987-1988 Monaco
91%
1996-1997 Monaco
91%
1999-2000 Monaco
91%
2016-2017 Monaco
91%
1985-1986 Paris Saint-Germain
90%
1993-1994 Paris Saint-Germain
90%
2012-2013 Paris Saint-Germain
90%
2013-2014 Paris Saint-Germain
90%
2014-2015 Paris Saint-Germain
90%
2015-2016 Paris Saint-Germain
90%
2017-2018 Paris Saint-Germain
90%
2018-2019 Paris Saint-Germain
90%
2019-2020 Paris Saint-Germain
90%
2021-2022 Paris Saint-Germain
90%
1945-1946 Lille
87%
1953-1954 Lille
87%
2020-2021 Lille
87%
2010-2011 Lille
86%
1949-1950 Girondins Bordeaux
82%
1983-1984 Girondins Bordeaux
82%
1984-1985 Girondins Bordeaux
82%
1986-1987 Girondins Bordeaux
82%
1998-1999 Girondins Bordeaux
82%
2008-2009 Girondins Bordeaux
82%
1955-1956 Nice
79%
1958-1959 Nice
79%
1950-1951 Nizza
79%
1951-1952 Nizza
79%
1956-1957 Saint-Étienne
73%
1963-1964 Saint-Étienne
73%
1966-1967 Saint-Étienne
73%
1967-1968 Saint-Étienne
73%
1968-1969 Saint-Étienne
73%
1969-1970 Saint-Étienne
73%
1973-1974 Saint-Étienne
73%
1974-1975 Saint-Étienne
73%
1975-1976 Saint-Étienne
73%
1980-1981 Saint-Étienne
73%
2011-2012 Montpellier
70%
1964-1965 Nantes
69%
1965-1966 Nantes
69%
1972-1973 Nantes
69%
1976-1977 Nantes
69%
1979-1980 Nantes
69%
1982-1983 Nantes
69%
1994-1995 Nantes
69%
2000-2001 Nantes
69%
1997-1998 Lens
58%
1957-1958 Stade Reims
50%
1948-1949 Stade Reims
49%
1952-1953 Stade Reims
49%
1954-1955 Stade Reims
49%
1959-1960 Stade Reims
49%
1961-1962 Stade Reims
49%
1995-1996 Auxerre
42%
1978-1979 Strasbourg
30%
1934-1935 Sochaux
18%
1937-1938 Sochaux
18%
1935-1936 Racing Paris
8%
1946-1947 Roubaix-Tourcoing
5%
1933-1934 Sète
5%
1938-1939 Sète
5%
1932-1933 Olympique Lillois
1%
Keine übereinstimmenden Quizze gefunden
Verteilung der Resultate
Anzahl Personen mit jedem Resultat
Perzentil nach korrekt beantworteten Fragen
Ihre Resultats-Entwicklung
Sie haben dieses Quiz noch nicht gespielt